[Event "Cesenatico op 22nd"]
[Site "Cesenatico"]
[Date "2018.09.08"]
[Round "8"]
[White "Mirulla, David"]
[Black "Rago, Riccardo"]
[Result "1/2-1/2"]
[WhiteElo "1935"]
[BlackElo "2089"]
[PlyCount "73"]
[EventDate "2018.09.01"]
[EventType "swiss"]
[EventRounds "9"]
[EventCountry "ITA"]
[SourceTitle "CBM 186 Extra"]
[Source "ChessBase"]
[SourceDate "2018.08.24"]
[SourceVersion "1"]
[SourceVersionDate "2018.08.24"]
[SourceQuality "1"]

1. e4 e6 2. d3 d5 3. Nd2 c5 4. Ngf3 Nc6 5. g3 Nf6 6. Bg2 Be7 7. 0-0 0-0 8. Re1 dxe4 9. dxe4 e5 10. Nc4 Qxd1 11. Rxd1 Bg4 12. Re1 Nd7 13. c3 Rfd8 14. Ne3 Be6 15. Nd5 Rac8 16. Ng5 Bxg5 17. Bxg5 f6 18. Be3 Kf7 19. Rad1 b6 20. Rd2 Ndb8 21. Red1 Rd6 22. h4 Rcd8 23. Kh2 Ne7 24. c4 h6 25. Bh3 Bxh3 26. Kxh3 g5 27. f4 Nxd5 28. exd5 Kg6 29. Rf2 Nd7 30. h5+ Kg7 31. Rdf1 Re8 32. fxg5 hxg5 33. Rf5 Rb8 34. a4 a5 35. Kg4 Kh6 36. Bd2 Rg8 37. Bc3 1/2-1/2

[Event "Cesenatico op 22nd"]
[Site "Cesenatico"]
[Date "2018.09.06"]
[Round "6"]
[White "Rago, Riccardo"]
[Black "Medici, Simone"]
[Result "0-1"]
[WhiteElo "2089"]
[BlackElo "2257"]
[PlyCount "174"]
[EventDate "2018.09.01"]
[EventType "swiss"]
[EventRounds "9"]
[EventCountry "ITA"]
[SourceTitle "CBM 186 Extra"]
[Source "ChessBase"]
[SourceDate "2018.08.24"]
[SourceVersion "1"]
[SourceVersionDate "2018.08.24"]
[SourceQuality "1"]

1. d4 d6 2. e4 Nf6 3. Nc3 Nbd7 4. Nf3 e5 5. dxe5 dxe5 6. Bc4 Bb4 7. 0-0 0-0 8. Nd5 Nxd5 9. Bxd5 c6 10. Bb3 h6 11. c3 Bc5 12. Qe2 a5 13. Be3 Qe7 14. Rad1 b6 15. Rfe1 a4 16. Bxc5 Nxc5 17. Bc2 Ba6 18. Qe3 Rfd8 19. g3 Qc7 20. b4 axb3 21. axb3 Ne6 22. Rxd8+ Rxd8 23. Ra1 Bc8 24. Kg2 c5 25. Qe2 Bd7 26. Bd3 Qd6 27. Bb5 Bc8 28. Ba6 Bd7 29. Bb5 Bxb5 30. Qxb5 Nc7 31. Qe2 b5 32. Ra2 Qe6 33. c4 b4 34. Qe3 Qe7 35. Rd2 Rxd2 36. Qxd2 Kh7 37. Qd3 g6 38. h3 f6 39. Nd2 Kg7 40. Nf3 Kf7 41. Qd2 Kg7 42. Qd3 h5 43. h4 Kf7 44. Qd2 Ke6 45. Qh6 Qe8 46. Qg7 Qf7 47. Qxf7+ Kxf7 48. Nd2 Ne6 49. f3 f5 50. Kf2 f4 51. g4 g5 52. hxg5 Kg6 53. gxh5+ Kxh5 54. Kg2 Nd4 55. Kf2 Kxg5 56. Kg2 Nc2 57. Nf1 Ne1+ 58. Kf2 Nd3+ 59. Kg2 Kh5 60. Nd2 Kh4 61. Nf1 Ne1+ 62. Kf2 Nd3+ 63. Kg2 Nb2 64. Kf2 Nd1+ 65. Ke2 Nc3+ 66. Kf2 Kh3 67. Nd2 Kh2 68. Nf1+ Kh1 69. Nd2 Nd1+ 70. Ke2 Ne3 71. Kf2 Kh2 72. Nb1 Kh3 73. Nd2 Nc2 74. Nf1 Nd4 75. Nd2 Nc6 76. Nf1 Nd8 77. Kg1 Ne6 78. Kf2 Ng5 79. Nd2 Kh2 80. Nf1+ Kh1 81. Ng3+ fxg3+ 82. Kxg3 Ne6 83. Kg4 Nf4 84. Kf5 Nd3 85. f4 exf4 86. Kg4 Kg2 87. e5 f3 0-1

[Event "Cesenatico op 22nd"]
[Site "Cesenatico"]
[Date "2018.09.04"]
[Round "4"]
[White "Friedrich, Norbert"]
[Black "Rago, Riccardo"]
[Result "1-0"]
[WhiteElo "2251"]
[BlackElo "2089"]
[PlyCount "57"]
[EventDate "2018.09.01"]
[EventType "swiss"]
[EventRounds "9"]
[EventCountry "ITA"]
[SourceTitle "CBM 186 Extra"]
[Source "ChessBase"]
[SourceDate "2018.08.24"]
[SourceVersion "1"]
[SourceVersionDate "2018.08.24"]
[SourceQuality "1"]

1. e4 c5 2. Nf3 Nc6 3. d4 cxd4 4. Nxd4 Nf6 5. Nc3 e5 6. Ndb5 d6 7. Bg5 a6 8. Na3 b5 9. Bxf6 gxf6 10. Nd5 Bg7 11. Bd3 Be6 12. 0-0 0-0 13. Qh5 h6 14. Ne3 Ne7 15. Rfd1 Ra7 16. c4 bxc4 17. Bxc4 Qb8 18. Rd3 Rd8 19. Rad1 Rb7 20. b3 Ra7 21. Ng4 Ng6 22. Nxh6+ Kf8 23. g3 Bxh6 24. Qxh6+ Ke7 25. Bxe6 Kxe6 26. Nc4 Rad7 27. Qh3+ Ke7 28. Ne3 Rh8 29. Nd5+ 1-0

[Event "EU-Cup 33rd"]
[Site "Antalya"]
[Date "2017.10.09"]
[Round "2.6"]
[White "Draskovic, Davor"]
[Black "Rago, Riccardo"]
[Result "1/2-1/2"]
[WhiteElo "2004"]
[BlackElo "2089"]
[PlyCount "83"]
[EventDate "2017.10.08"]
[EventType "team-swiss"]
[EventRounds "7"]
[EventCountry "TUR"]
[SourceTitle "CBM 181"]
[Source "ChessBase"]
[SourceDate "2017.11.10"]
[SourceVersion "1"]
[SourceVersionDate "2017.11.10"]
[SourceQuality "1"]
[WhiteTeam "Elektroprivreda"]
[BlackTeam "Augusta Perusia"]
[WhiteTeamCountry "MNE"]
[BlackTeamCountry "ITA"]

1. e4 c5 2. Nf3 Nc6 3. d4 cxd4 4. Nxd4 Nf6 5. Nc3 e5 6. Ndb5 d6 7. Bg5 a6 8. Na3 b5 9. Bxf6 gxf6 10. Nd5 Bg7 11. c3 0-0 12. Nc2 f5 13. exf5 Bxf5 14. Nce3 Be6 15. Bd3 Bxd5 16. Nxd5 f5 17. Qh5 e4 18. Bc2 Ne5 19. 0-0 h6 20. Rad1 Ra7 21. Nf4 Rf6 22. Bb3+ Kh7 23. Rd5 Qf8 24. Rfd1 Rb7 25. Qe2 Bh8 26. Kh1 Qe7 27. Qd2 Rd7 28. Qd4 Rf7 29. Qb6 Qg5 30. g3 Ng4 31. Rxd6 Rb7 32. Qc5 Rfc7 33. Rc6 Nxf2+ 34. Kg2 Rxc6 35. Qxc6 Rg7 36. Kxf2 Qg4 37. Rd7 Qf3+ 38. Kg1 Qe3+ 39. Kg2 Qf3+ 40. Kg1 Qe3+ 41. Kf1 Qf3+ 42. Kg1 1/2-1/2

[Event "ITA-ch sf 76th"]
[Site "Civitanova Marche"]
[Date "2016.07.10"]
[Round "2"]
[White "Rago, Riccardo"]
[Black "Genocchio, Daniele"]
[Result "0-1"]
[WhiteElo "2042"]
[BlackElo "2439"]
[PlyCount "84"]
[EventDate "2016.07.09"]
[EventType "swiss"]
[EventRounds "9"]
[EventCountry "ITA"]
[SourceTitle "CBM 173 Extra"]
[Source "ChessBase"]
[SourceDate "2016.08.29"]
[SourceVersion "1"]
[SourceVersionDate "2016.08.29"]
[SourceQuality "1"]

1. e4 d6 2. d4 Nf6 3. Bd3 e5 4. dxe5 dxe5 5. Nf3 c6 6. 0-0 Qc7 7. Qe2 Nbd7 8. b3 Bc5 9. Bb2 0-0 10. Nbd2 Re8 11. Nc4 b5 12. Ne3 Nf8 13. a4 b4 14. Nd2 Ne6 15. g3 Bd4 16. Ndc4 Bxb2 17. Nxb2 Nd4 18. Qd1 Bh3 19. Re1 Rad8 20. Nbc4 h5 21. f3 Be6 22. Rf1 Qe7 23. Rf2 Qc5 24. Kg2 a5 25. Qf1 h4 26. g4 Bxc4 27. Nxc4 Ne6 28. Rd2 Rd4 29. Rad1 Nf4+ 30. Kh1 h3 31. Qg1 Red8 32. Bf1 Qxc4 33. Rxd4 Qxd4 34. Rxd4 Rxd4 35. Qf2 Nh7 36. Kg1 Ng5 37. Qe3 Rd2 38. Bd3 c5 39. Qxc5 Nxf3+ 40. Kf1 Nxh2+ 41. Ke1 Nf3+ 42. Kf1 h2 0-1

[Event "Mare D'Inverno op 2nd"]
[Site "Gabicce Mare"]
[Date "2014.01.02"]
[Round "1"]
[White "Collins, Sam E"]
[Black "Rago, Riccardo"]
[Result "1-0"]
[WhiteElo "2471"]
[BlackElo "2068"]
[PlyCount "69"]
[EventDate "2014.01.02"]
[EventType "swiss"]
[EventRounds "9"]
[EventCountry "ITA"]
[SourceTitle "EXT 2015"]
[Source "ChessBase"]
[SourceDate "2014.11.20"]
[SourceVersion "1"]
[SourceVersionDate "2014.11.20"]
[SourceQuality "1"]

1. e4 c5 2. c3 d5 3. exd5 Qxd5 4. d4 Nf6 5. Nf3 e6 6. a3 Nc6 7. Be3 cxd4 8. cxd4 Be7 9. Nc3 Qd8 10. Bd3 Nd5 11. 0-0 0-0 12. Qc2 h6 13. Rad1 Bd7 14. Nxd5 exd5 15. h3 Bf6 16. Qb3 Bc8 17. Bb1 Ne7 18. Bf4 b6 19. Be5 Bg5 20. h4 Bf6 21. Rfe1 Be6 22. Bxf6 gxf6 23. Nh2 Kh8 24. Qe3 Ng8 25. Rc1 Qd7 26. Qd3 f5 27. g4 Ne7 28. Qe3 Kg7 29. Qe5+ Kh7 30. gxf5 Bxf5 31. Rc7 Rg8+ 32. Kh1 Qe6 33. Qxe6 fxe6 34. Bxf5+ exf5 35. Rexe7+ 1-0

[Event "Mare di Fano op 1st"]
[Site "Fano"]
[Date "2012.08.05"]
[Round "9"]
[White "Rago, Riccardo"]
[Black "Rovedi, Mauro"]
[Result "1/2-1/2"]
[WhiteElo "2079"]
[BlackElo "2056"]
[PlyCount "89"]
[EventDate "2012.07.30"]
[EventType "swiss"]
[EventRounds "9"]
[EventCountry "ITA"]
[SourceTitle "EXT 2015"]
[Source "ChessBase"]
[SourceDate "2014.11.20"]
[SourceVersion "1"]
[SourceVersionDate "2014.11.20"]
[SourceQuality "1"]

1. e4 g6 2. d4 Bg7 3. Nf3 d6 4. Bc4 c6 5. 0-0 d5 6. exd5 cxd5 7. Bb3 Nf6 8. Nc3 0-0 9. Bf4 Nc6 10. h3 Na5 11. Nb5 Nxb3 12. axb3 Bd7 13. Na3 h6 14. Re1 g5 15. Be5 Bf5 16. Nh2 Rc8 17. c3 a6 18. f3 Rc6 19. b4 Qb6 20. Qd2 Rfc8 21. Kh1 Bf8 22. h4 Nh7 23. Bg3 Re6 24. Nc2 Bxc2 25. Qxc2 Rxe1+ 26. Rxe1 e6 27. Ng4 h5 28. Ne5 Qc7 29. hxg5 Nxg5 30. Bh4 Bh6 31. Qf2 f6 32. Nd3 Re8 33. Nc5 Qf7 34. f4 Nh7 35. Re3 Kh8 36. Rh3 Qg6 37. Nd3 Qg4 38. Kh2 Rg8 39. Re3 Re8 40. g3 Qg6 41. Qe1 Nf8 42. Qe2 Qf5 43. Ne1 Ng6 44. Ng2 Kg8 45. Rf3 1/2-1/2

[Event "Mare di Fano op 1st"]
[Site "Fano"]
[Date "2012.08.02"]
[Round "5"]
[White "Rago, Riccardo"]
[Black "Cardarelli, Angelo"]
[Result "0-1"]
[WhiteElo "2079"]
[BlackElo "1954"]
[PlyCount "72"]
[EventDate "2012.07.30"]
[EventType "swiss"]
[EventRounds "9"]
[EventCountry "ITA"]
[SourceTitle "EXT 2015"]
[Source "ChessBase"]
[SourceDate "2014.11.20"]
[SourceVersion "1"]
[SourceVersionDate "2014.11.20"]
[SourceQuality "1"]

1. e4 e6 2. d4 d5 3. Nd2 Be7 4. Ngf3 Nf6 5. Bd3 c5 6. e5 Nfd7 7. c3 Nc6 8. 0-0 a5 9. dxc5 Ndxe5 10. Nxe5 Nxe5 11. Bb5+ Bd7 12. Qe2 Bxb5 13. Qxb5+ Qd7 14. Qe2 Nc6 15. Qg4 0-0 16. f4 Bxc5+ 17. Kh1 Ne7 18. Nf3 f6 19. Re1 Ra6 20. Bd2 Nf5 21. Rad1 Nd6 22. Bc1 Ne4 23. Rxe4 f5 24. Ne5 Qe7 25. Qe2 fxe4 26. Be3 Bd6 27. Qb5 Bxe5 28. fxe5 Rf5 29. Bc5 Qf7 30. Bd4 Ra8 31. h3 Rf8 32. Kg1 Qh5 33. Re1 Qh4 34. Rd1 Qg3 35. Qe2 Rf3 36. Kh1 Rf2 0-1

[Event "Mare di Fano op 1st"]
[Site "Fano"]
[Date "2012.07.31"]
[Round "2"]
[White "Tonel, Giulia"]
[Black "Rago, Riccardo"]
[Result "1-0"]
[WhiteElo "1967"]
[BlackElo "2079"]
[PlyCount "53"]
[EventDate "2012.07.30"]
[EventType "swiss"]
[EventRounds "9"]
[EventCountry "ITA"]
[SourceTitle "EXT 2015"]
[Source "ChessBase"]
[SourceDate "2014.11.20"]
[SourceVersion "1"]
[SourceVersionDate "2014.11.20"]
[SourceQuality "1"]

1. d4 d5 2. c4 c6 3. Nf3 Nf6 4. Nc3 e6 5. e3 Nbd7 6. Qc2 Bd6 7. Bd2 0-0 8. Be2 a6 9. c5 Bc7 10. 0-0 e5 11. b4 Re8 12. a4 e4 13. Ne1 Nf8 14. f3 exf3 15. Nxf3 Ng6 16. Bd3 Bg4 17. Rae1 Qd7 18. Ng5 Re7 19. h3 Bh5 20. Bf5 Qe8 21. g4 Nh4 22. Bxh7+ Kh8 23. gxh5 Nxh5 24. Bf5 f6 25. Bd7 Qg8 26. Bg4 Ng3 27. Nf3 1-0

[Event "Amantea op-A 9th"]
[Site "Amantea"]
[Date "2011.09.09"]
[Round "7"]
[White "Rago, Riccardo"]
[Black "Bentivegna, Francesco"]
[Result "1-0"]
[WhiteElo "2065"]
[BlackElo "2322"]
[PlyCount "83"]
[EventDate "2011.09.04"]
[EventType "swiss"]
[EventRounds "9"]
[EventCountry "ITA"]
[SourceTitle "CBM 144 Extra"]
[Source "ChessBase"]
[SourceDate "2011.10.28"]
[SourceVersion "1"]
[SourceVersionDate "2011.10.28"]
[SourceQuality "1"]

1. e4 e6 2. d4 d5 3. Nd2 h6 4. Ngf3 Nf6 5. e5 Nfd7 6. Bd3 c5 7. c3 Nc6 8. 0-0 g5 9. dxc5 Bxc5 10. Nb3 Bb6 11. Re1 g4 12. Nfd4 Ncxe5 13. Bb5 Qf6 14. Qe2 Bc7 15. Nc5 a6 16. Bxd7+ Bxd7 17. Nxb7 Rg8 18. Kh1 Nf3 19. gxf3 Bxh2 20. fxg4 Bc7 21. g5 hxg5 22. Kg2 Rh8 23. Rg1 e5 24. Kf1 g4 25. Nc5 Bc8 26. b4 Kf8 27. Ndb3 Rh2 28. Be3 Bf5 29. Ke1 g3 30. Rxg3 e4 31. Bd4 Qh4 32. Rg1 Bf4 33. Be3 Be5 34. Nd4 Bc8 35. a4 a5 36. b5 Bg4 37. Rxg4 Qh5 38. Rg1 Rc8 39. Ncb3 Rxc3 40. Rc1 Bxd4 41. Nxd4 Rd3 42. b6 1-0

[Event "Porto San Giorgio op 23rd"]
[Site "Porto San Giorgio"]
[Date "2011.08.28"]
[Round "9"]
[White "Lapenna, Antonio"]
[Black "Rago, Riccardo"]
[Result "1-0"]
[WhiteElo "2150"]
[BlackElo "2065"]
[PlyCount "83"]
[EventDate "2011.08.21"]
[EventType "swiss"]
[EventRounds "9"]
[EventCountry "ITA"]
[SourceTitle "CBM 144 Extra"]
[Source "ChessBase"]
[SourceDate "2011.10.28"]
[SourceVersion "1"]
[SourceVersionDate "2011.10.28"]
[SourceQuality "1"]

1. d4 e6 2. Nf3 d5 3. g3 Nf6 4. Bg2 c5 5. 0-0 Nc6 6. b3 cxd4 7. Nxd4 Be7 8. Bb2 0-0 9. Nd2 Nxd4 10. Bxd4 b6 11. e4 Bb7 12. Qe2 dxe4 13. Bb2 Qc7 14. Nxe4 Nxe4 15. Bxe4 Bxe4 16. Qxe4 Rfd8 17. Rad1 Rac8 18. c4 h6 19. Qg4 Bf8 20. Bf6 Rxd1 21. Rxd1 Kh7 22. Qe4+ Kg8 23. Be5 Qe7 24. Qe3 f6 25. Bb2 Rc7 26. Kg2 Qc5 27. Qe4 Kf7 28. Bc1 Be7 29. Bf4 Qc6 30. Qxc6 Rxc6 31. Rd7 a6 32. Ra7 b5 33. cxb5 axb5 34. a4 bxa4 35. bxa4 e5 36. Be3 Ke6 37. a5 g5 38. g4 Bd8 39. Ra8 Bc7 40. a6 Kd7 41. a7 Ra6 42. Rb8 1-0

[Event "Fermo op 1st"]
[Site "Fermo"]
[Date "2010.08.28"]
[Round "8"]
[White "Vuelban, Virgilio"]
[Black "Rago, Riccardo"]
[Result "1-0"]
[WhiteElo "2353"]
[BlackElo "2105"]
[PlyCount "69"]
[EventDate "2010.08.21"]
[EventType "swiss"]
[EventRounds "9"]
[EventCountry "ITA"]
[SourceTitle "CBM 138 Extra"]
[Source "ChessBase"]
[SourceDate "2010.10.29"]
[SourceVersion "1"]
[SourceVersionDate "2010.10.29"]
[SourceQuality "1"]

1. e4 c5 2. Nf3 Nc6 3. d4 cxd4 4. Nxd4 Nf6 5. Nc3 e5 6. Ndb5 d6 7. Nd5 Nxd5 8. exd5 Nb8 9. Qf3 Be7 10. Qc3 Na6 11. Be3 0-0 12. Nxa7 Bg5 13. Bxa6 Bxe3 14. Qxe3 Qa5+ 15. c3 Qxa6 16. Nxc8 Rfxc8 17. Qe2 Qa5 18. Qd2 Qb5 19. a3 Rc5 20. Rd1 Ra5 21. b4 Rxd5 22. Qxd5 Qxd5 23. Rxd5 Rxd5 24. Ke2 Kf8 25. a4 Ke7 26. a5 Kd7 27. Ra1 Kc7 28. g4 f6 29. f3 g6 30. h4 Rb5 31. Kd3 d5 32. g5 f5 33. f4 e4+ 34. Kd4 Kc6 35. h5 1-0

[Event "Fermo op 1st"]
[Site "Fermo"]
[Date "2010.08.26"]
[Round "6"]
[White "Dervishi, Erald"]
[Black "Rago, Riccardo"]
[Result "1-0"]
[WhiteElo "2557"]
[BlackElo "2105"]
[PlyCount "57"]
[EventDate "2010.08.21"]
[EventType "swiss"]
[EventRounds "9"]
[EventCountry "ITA"]
[SourceTitle "CBM 138 Extra"]
[Source "ChessBase"]
[SourceDate "2010.10.29"]
[SourceVersion "1"]
[SourceVersionDate "2010.10.29"]
[SourceQuality "1"]

1. e4 c5 2. Nf3 Nc6 3. d4 cxd4 4. Nxd4 Nf6 5. Nc3 e5 6. Ndb5 d6 7. Bg5 a6 8. Na3 b5 9. Nd5 Be7 10. Bxf6 Bxf6 11. c3 0-0 12. Nc2 Bg5 13. Be2 Rb8 14. 0-0 Kh8 15. Qd3 f5 16. Bf3 a5 17. a3 f4 18. Rfd1 Be6 19. b4 Ne7 20. a4 Nxd5 21. exd5 Bf5 22. Be4 Bxe4 23. Qxe4 f3 24. g3 bxa4 25. Rxa4 Qd7 26. Rxa5 Qc8 27. Ra3 Qh3 28. Ne1 Rf4 29. gxf4 1-0

[Event "Senigallia op 5th"]
[Site "Senigallia"]
[Date "2010.08.07"]
[Round "6"]
[White "Raselli, Claudio"]
[Black "Rago, Riccardo"]
[Result "1/2-1/2"]
[WhiteElo "1953"]
[BlackElo "2105"]
[PlyCount "54"]
[EventDate "2010.08.02"]
[EventType "swiss"]
[EventRounds "7"]
[EventCountry "ITA"]
[SourceTitle "CBM 137 Extra"]
[Source "ChessBase"]
[SourceDate "2010.09.01"]
[SourceVersion "1"]
[SourceVersionDate "2010.09.01"]
[SourceQuality "1"]

1. d4 d5 2. Nf3 Nf6 3. e3 c6 4. Bd3 e6 5. Nbd2 Nbd7 6. 0-0 Bd6 7. e4 dxe4 8. Nxe4 Nxe4 9. Bxe4 Nf6 10. Bd3 0-0 11. Bg5 c5 12. dxc5 Bxc5 13. Qe2 Be7 14. Rfd1 Qc7 15. Ne5 Nd5 16. Bxe7 Qxe7 17. Qe4 g6 18. Bc4 Nb6 19. Bb3 f6 20. Nc4 Nd7 21. Nd6 Nc5 22. Qe3 Nxb3 23. Qxb3 b6 24. Nxc8 Raxc8 25. Rd2 Rfd8 26. Rad1 Rxd2 27. Rxd2 Rc7 1/2-1/2

[Event "Senigallia op-A"]
[Site "Senigallia"]
[Date "2010.07.31"]
[Round "7"]
[White "Gorgoglione, Enrico"]
[Black "Rago, Riccardo"]
[Result "1/2-1/2"]
[WhiteElo "1938"]
[BlackElo "2103"]
[PlyCount "63"]
[EventDate "2010.07.25"]
[EventType "swiss"]
[EventRounds "7"]
[EventCountry "ITA"]
[SourceTitle "CBM 137 Extra"]
[Source "ChessBase"]
[SourceDate "2010.09.01"]
[SourceVersion "1"]
[SourceVersionDate "2010.09.01"]
[SourceQuality "1"]

1. e4 e6 2. d4 d5 3. Nd2 Nf6 4. e5 Nfd7 5. Bd3 c5 6. c3 Nc6 7. Ne2 cxd4 8. cxd4 Qb6 9. Qb3 Bb4 10. 0-0 f6 11. exf6 Nxf6 12. Nf3 0-0 13. Be3 Bd7 14. a3 Bc5 15. Qc2 Bd6 16. Ng5 h6 17. Nh7 Nxh7 18. Bxh7+ Kh8 19. Rad1 Qd8 20. Bg6 Rc8 21. Qd2 Qf6 22. Bb1 Ne7 23. Qd3 Qf5 24. Ng3 Qxd3 25. Bxd3 Kg8 26. Rc1 Nc6 27. Ne2 a6 28. Rc2 e5 29. Rc3 exd4 30. Nxd4 Be5 31. Nxc6 Bxc6 32. Rc2 1/2-1/2

[Event "Senigallia op-A"]
[Site "Senigallia"]
[Date "2010.07.29"]
[Round "5"]
[White "Pescatore, Lorenzo"]
[Black "Rago, Riccardo"]
[Result "1/2-1/2"]
[WhiteElo "1980"]
[BlackElo "2103"]
[PlyCount "31"]
[EventDate "2010.07.25"]
[EventType "swiss"]
[EventRounds "7"]
[EventCountry "ITA"]
[SourceTitle "CBM 137 Extra"]
[Source "ChessBase"]
[SourceDate "2010.09.01"]
[SourceVersion "1"]
[SourceVersionDate "2010.09.01"]
[SourceQuality "1"]

1. e4 c5 2. Nc3 Nc6 3. f4 e6 4. Nf3 d6 5. Bb5 Bd7 6. 0-0 Nge7 7. d3 a6 8. Bxc6 Nxc6 9. Qe1 Be7 10. Qg3 0-0 11. f5 Nd4 12. Nxd4 cxd4 13. Ne2 exf5 14. exf5 Bf6 15. Qxd6 Re8 16. Nf4 1/2-1/2

[Event "Krakow op 20th"]
[Site "Krakow"]
[Date "2009.12.30"]
[Round "4"]
[White "Rago, Riccardo"]
[Black "Motyl, Tomasz"]
[Result "1/2-1/2"]
[WhiteElo "2088"]
[BlackElo "2039"]
[PlyCount "62"]
[EventDate "2009.12.27"]
[EventType "swiss"]
[EventRounds "9"]
[EventCountry "POL"]
[SourceTitle "CBM 134 Extra"]
[Source "ChessBase"]
[SourceDate "2010.03.03"]
[SourceVersion "1"]
[SourceVersionDate "2010.03.03"]
[SourceQuality "1"]

1. e4 g6 2. d4 d6 3. Nf3 Bg7 4. Bc4 Nf6 5. Qe2 c6 6. a4 0-0 7. Bb3 Qa5+ 8. Bd2 Qh5 9. Nc3 Bg4 10. h3 Nbd7 11. 0-0-0 Bxf3 12. gxf3 a6 13. Rdg1 Bh6 14. Bxh6 Qxh6+ 15. Qe3 Qxe3+ 16. fxe3 b5 17. h4 Nh5 18. Ne2 Nb6 19. axb5 axb5 20. Kd2 c5 21. Bd5 Nxd5 22. exd5 Ra2 23. b3 f5 24. Ra1 Rfa8 25. Rxa2 Rxa2 26. dxc5 dxc5 27. e4 fxe4 28. fxe4 Nf6 29. Nc3 Ra5 30. Kd3 Nd7 31. Rf1 b4 1/2-1/2

[Event "Krakow op 20th"]
[Site "Krakow"]
[Date "2009.12.28"]
[Round "2"]
[White "Gumula, Daniel"]
[Black "Rago, Riccardo"]
[Result "1-0"]
[WhiteElo "2330"]
[BlackElo "2088"]
[PlyCount "49"]
[EventDate "2009.12.27"]
[EventType "swiss"]
[EventRounds "9"]
[EventCountry "POL"]
[SourceTitle "CBM 134 Extra"]
[Source "ChessBase"]
[SourceDate "2010.03.03"]
[SourceVersion "1"]
[SourceVersionDate "2010.03.03"]
[SourceQuality "1"]

1. e4 c5 2. Nf3 Nc6 3. Bb5 g6 4. Bxc6 dxc6 5. h3 Bg7 6. d3 e5 7. Nc3 f6 8. Be3 b6 9. Nd2 Nh6 10. f4 Nf7 11. 0-0 exf4 12. Bxf4 0-0 13. Kh1 Be6 14. Qe1 Qd7 15. Qg3 g5 16. Be3 Ne5 17. Nf3 Ng6 18. d4 cxd4 19. Nxd4 c5 20. Nf5 Rad8 21. Rad1 Qb7 22. Nxg7 Kxg7 23. Rxd8 Rxd8 24. Rxf6 g4 25. Rxe6 1-0